|
|
|
|
| LEADER |
00943nam a2200277 a 4500 |
| 001 |
c000170597 |
| 003 |
CARM |
| 005 |
19940915000000.0 |
| 008 |
800323s1978 quca b 001 0 eng |
| 010 |
|
|
|a 79322222 //r94
|
| 015 |
|
|
|a C***
|
| 019 |
1 |
|
|a 1679102
|5 LACONCORD2021
|
| 020 |
|
|
|a 0774668768
|
| 035 |
|
|
|a (OCoLC)6016076
|5 LACONCORD2021
|
| 040 |
|
|
|a LC
|b eng
|c LC
|d LC
|
| 050 |
|
0 |
|a TA714.5
|b .M53
|
| 082 |
0 |
0 |
|a 620.1/98
|
| 100 |
1 |
|
|a Michel, Bernard,
|d 1930-
|
| 245 |
1 |
0 |
|a Ice mechanics /
|c Bernard Michel.
|
| 260 |
|
|
|a Québec :
|b Presses de l'université Laval,
|c 1978.
|
| 300 |
|
|
|a xxiii, 499 p. :
|b ill. ;
|c 25 cm.
|
| 504 |
|
|
|a Includes bibliographies and indexes.
|
| 650 |
|
0 |
|a Ice mechanics.
|
| 852 |
8 |
|
|b CARM
|h A2:AN37F0
|i C06087
|p 0227471
|f BK
|
| 999 |
f |
f |
|i 5610dfb6-65e7-58c7-a300-f5e3964ddc4a
|s 9eba9e34-012f-5833-a56d-e399aad29356
|
| 952 |
f |
f |
|p Can circulate
|a CAVAL
|b CAVAL
|c CAVAL
|d CARM 1 Store
|e C06087
|f A2:AN37F0
|h Other scheme
|i book
|m 0227471
|